| 000 | 00650nam a22001697a 4500 | ||
|---|---|---|---|
| 999 |
_c12408 _d12408 |
||
| 008 | 190124b ||||| |||| 00| 0 eng d | ||
| 082 |
_22018 _aUT 1158 _bL42 |
||
| 100 |
_aLaydia, Pearl Hyacinth C. _935018 |
||
| 245 |
_aBullying and disruptive bahavior of primary school learners / _cPearl Hyacinth C. Laydia, jenifer B. Manambay, and Baby Joy B. Padilla |
||
| 260 |
_aDigos City: _bUMDC _cDecember 2018. |
||
| 300 |
_a57 pages; _c30 cm. |
||
| 650 |
_aEducation _vBeed _xUndergraduate thesis. _934786 |
||
| 700 |
_aLaydia, Pearl Hyacinth C. _935018 |
||
| 700 |
_aManambay, Jenifer B. _935019 |
||
| 700 |
_aPadilla, Baby Joy B. _935020 |
||
| 942 |
_2ddc _cUT |
||